Interkulturalität und ius gentium: Erbrecht in den Juristentexten?
Saved in:
| Main Author: | |
|---|---|
| Format: | Chapter/Article Conference Paper |
| Language: | German |
| Published: |
2015
|
| In: |
Il diritto romano e le culture straniere
Year: 2015, Pages: 167-197 |
| Online Access: |
|
| Author Notes: | Christian Baldus |
MARC
| LEADER | 00000caa a22000002c 4500 | ||
|---|---|---|---|
| 001 | 1561767921 | ||
| 003 | DE-627 | ||
| 005 | 20220813205559.0 | ||
| 007 | tu | ||
| 008 | 170807s2015 xx ||||| 00| ||ger c | ||
| 035 | |a (DE-627)1561767921 | ||
| 035 | |a (DE-576)491767927 | ||
| 035 | |a (DE-599)BSZ491767927 | ||
| 035 | |a (OCoLC)1340978211 | ||
| 040 | |a DE-627 |b ger |c DE-627 |e rda | ||
| 041 | |a ger | ||
| 084 | |a 19 |2 sdnb | ||
| 100 | 1 | |a Baldus, Christian |d 1966- |e VerfasserIn |0 (DE-588)120467224 |0 (DE-627)080692486 |0 (DE-576)176383832 |4 aut | |
| 245 | 1 | 0 | |a Interkulturalität und ius gentium |b Erbrecht in den Juristentexten? |c Christian Baldus |
| 264 | 1 | |c 2015 | |
| 300 | |a 31 | ||
| 336 | |a Text |b txt |2 rdacontent | ||
| 337 | |a ohne Hilfsmittel zu benutzen |b n |2 rdamedia | ||
| 338 | |a Band |b nc |2 rdacarrier | ||
| 773 | 0 | 8 | |i Enthalten in |t Il diritto romano e le culture straniere |d Lecce : Edizioni Grifo, 2015 |g (2015), Seite 167-197 |h 374 Seiten |w (DE-627)869907611 |w (DE-576)473683822 |z 9788898175970 |7 nnam |a Interkulturalität und ius gentium Erbrecht in den Juristentexten? |
| 773 | 1 | 8 | |g year:2015 |g pages:167-197 |g extent:31 |a Interkulturalität und ius gentium Erbrecht in den Juristentexten? |
| 951 | |a AR | ||
| 992 | |a 20170807 | ||
| 993 | |a ConferencePaper | ||
| 994 | |a 2015 | ||
| 998 | |g 120467224 |a Baldus, Christian |m 120467224:Baldus, Christian |d 20000 |d 20600 |e 20000PB120467224 |e 20600PB120467224 |k 0/20000/ |k 1/20000/20600/ |p 1 |x j |y j | ||
| 999 | |a KXP-PPN1561767921 |e 2976545812 | ||
| BIB | |a Y | ||
| JSO | |a {"recId":"1561767921","origin":[{"dateIssuedKey":"2015","dateIssuedDisp":"2015"}],"name":{"displayForm":["Christian Baldus"]},"title":[{"title_sort":"Interkulturalität und ius gentium","subtitle":"Erbrecht in den Juristentexten?","title":"Interkulturalität und ius gentium"}],"person":[{"family":"Baldus","display":"Baldus, Christian","given":"Christian","role":"aut"}],"physDesc":[{"extent":"31 S."}],"type":{"bibl":"chapter"},"language":["ger"],"id":{"eki":["1561767921"]},"relHost":[{"part":{"pages":"167-197","year":"2015","extent":"31","text":"(2015), Seite 167-197"},"type":{"bibl":"edited-book"},"name":{"displayForm":["a cura die Francesca Lamberti, Peter Gröschler, Francesco Milazzo"]},"recId":"869907611","origin":[{"publisher":"Edizioni Grifo","dateIssuedDisp":"[2015]","publisherPlace":"Lecce","dateIssuedKey":"2015"}],"title":[{"title_sort":"diritto romano e le culture straniere","title":"Il diritto romano e le culture straniere","subtitle":"influenze e dipedenze interculturali nell' antichità"}],"relMultPart":[{"language":["ita"],"id":{"eki":["72261277X"],"zdb":["2678842-1"]},"recId":"72261277X","origin":[{"dateIssuedKey":"2011","dateIssuedDisp":"2011-","publisher":"Ed. Grifo","publisherPlace":"Lecce"}],"title":[{"title":"Iuridica historica","subtitle":"collana dei quaderni lupiensi di storia e diritto","title_sort":"Iuridica historica"}],"dispAlt":"Iuridica historica","disp":"Iuridica historica","type":{"bibl":"serial"},"part":{"number":["3"],"number_sort":["3"]},"pubHistory":["1.2011 -"]}],"person":[{"family":"Lamberti","given":"Francesca","display":"Lamberti, Francesca","role":"edt"},{"family":"Gröschler","role":"edt","given":"Peter","display":"Gröschler, Peter"},{"family":"Milazzo","display":"Milazzo, Francesco","given":"Francesco","role":"edt"}],"physDesc":[{"noteFormat":"21 cm","extent":"374 Seiten"}],"note":["Includes bibliographical references and index","Papers presented at a seminar held in Loveno di Menaggio, Italy, Oct. 2, 2013"],"disp":"Interkulturalität und ius gentium Erbrecht in den Juristentexten?Il diritto romano e le culture straniere","language":["ita","eng","ger"],"id":{"eki":["869907611"],"isbn":["9788898175970"]}}]} | ||
| SRT | |a BALDUSCHRIINTERKULTU2015 | ||